Sports Quiz

Random Sports or NFL Quiz

Top 50 NFL Receiving Leaders of 2009 Quiz Stats

 Plays Quiz not verified by Sporcle

Challenge
Share
Tweet
Embed
Score 0/50 Timer 06:00
0 Plays Today
Team Player % Correct
HOUAndre Johnson
99.6%
NERandy Moss
99.5%
DETCalvin Johnson
99.5%
INDReggie Wayne
99%
WASSatana Moss
99%
NEWes Welker
98.9%
SDVincent Jackson
97.9%
PHIDesean Jackson
97.9%
ARILarry Fitzgerald
97.9%
NYGSteve Smith
97.7%
PITHines Ward
97.7%
CARSteve Smith
97.7%
DALMiles Austin
97.4%
DENBrandon Marshall
96.6%
MINSidney Rice
96.4%
PITSantonio Holmes
96.4%
ARIAnquan Boldin
96.4%
SDAntonio Gates
96.3%
ATLRoddy White
96%
NOMarques Colston
95.8%
INDDallas Clark
95.1%
CINChad Ochocinco
94.9%
GBDonald Driver
94.2%
GBGreg Jennings
93%
DALJason Witten
93%
Team Player % Correct
BALDerrick Mason
91.2%
BUFTerrell Owens
88.5%
ATLTony Gonzalez
87.9%
SFVernon Davis
87.5%
INDPierre Garcon
83.2%
PITHeath Miller
80.7%
OAKZach Miller
80.5%
PHIBrent Celek
78.4%
JACMike Sims-Walker
74.9%
NODevery Henderson
73.6%
NYJJerricho Cotchery
72.2%
PHIJermey Maclin
71.4%
NYGMario Manningham
70.1%
CHIDevin Hester
68.4%
MINPercy Harvin
68.2%
SEAT.J. Houshmandzadeh
67.1%
NYGHakeem Nicks
65.3%
PITMike Wallace
60.5%
TBKellen Winslow
59.6%
MIADavone Bess
54.5%
SDMalcom Floyd
51.9%
JACTorry Holt
49.3%
SEANate Burleson
47.9%
NORobert Meachem
44.7%
DENJabar Gaffney
27%

You're not logged in!

Compare scores with friends on all Sporcle quizzes.
Join for Free
OR
Log In

Show Comments

Extras

Top Quizzes Today


Score Distribution

Your Account Isn't Verified!

In order to create a playlist on Sporcle, you need to verify the email address you used during registration. Go to your Sporcle Settings to finish the process.

Report this User

Report this user for behavior that violates our Community Guidelines.

Details: